00986naa#a2200181#i#4500001001500000005001700015100004100032102000700073200027000080210016900350215001000519608006000529675006500589700005400654700004400708700003400752856001800786RU\\bibl\1975820260603010646.3##a20260601b2026####ek#y0rusy0150####ca##aRU1#aПРОЕКТИРОВАНИЕ САНИТАРНО-ОЗДОРОВИТЕЛЬНЫХ МЕРОПРИЯТИЙ НА ТЕРРИТОРИИ ШЕБЕКИНСКОГО ЛЕСНИЧЕСТВА БЕЛГОРОДСКОЙ ОБЛАСТИeСтатья/тезисы конференции1#aВоронежcВоронежский государственный лесотехнический университет имени Г.Ф. Морозоваd2026##a4 с.##aСтатья/тезисы конференции2local##aЛесное хозяйство. Лесоводство. 630#1aКосареваgИрина Викторовна#1aКорневgИван Иванович#1aКудрявцеваgЕ. В.4#abibl.vgltu.ru